Catálogo
 En Linea

La Niñez es noticia. (Registro nro. 37009)

Detalles MARC
000 -CABECERA
campo de control de longitud fija 00624nas a2200181 4500
001 - NÚMERO DE CONTROL
campo de control 000037519
005 - FECHA Y HORA DE LA ÚLTIMA TRANSACCIÓN
campo de control 20200930080417.0
008 - DATOS DE LONGITUD FIJA--INFORMACIÓN GENERAL
campo de control de longitud fija 120420c20039999dr zr1p dd 0 0spa d
040 ## - FUENTE DE LA CATALOGACIÓN
Centro catalogador/agencia de origen DO-SdBNP
Lengua de catalogación spa
Centro/agencia transcriptor BNPHU
043 ## - CÓDIGO DE ÁREA GEOGRÁFICA
Código de área geográfica nwdr
245 03 - MENCIÓN DE TÍTULO
Título La Niñez es noticia.
260 ## - PUBLICACIÓN, DISTRIBUCIÓN, ETC.
Lugar de publicación, distribución, etc. Santo Domingo :
Nombre del editor, distribuidor, etc. Oficina de Comunicación UNICEF.
300 ## - DESCRIPCIÓN FÍSICA
Extensión v.- :
Otras características físicas il. ;
Dimensiones 29 cm.
310 ## - PERIODICIDAD ACTUAL
Periodicidad actual Cuatrimestral
362 1# - FECHAS DE PUBLICACIÓN Y/O DESIGNACIÓN SECUENCIAL
Fecha de publicación y/o designación secuencial Año 1. no. 2 (jul/oct. 2003)
500 ## - NOTA GENERAL
Nota general Catalogación basada en : Año 1. no. 2 (jul/oct. 2003)
650 #4 - PUNTO DE ACCESO ADICIONAL DE MATERIA--TÉRMINO DE MATERIA
Término de materia o nombre geográfico como elemento de entrada Niños
Subdivisión general Cuidado e higiene derechos del niño
Subdivisión de forma PUBLICACIONES PERIÓDICAS
Subdivisión geográfica República Dominicana
9 (RLIN) 63975

No hay ítems disponibles.

Con tecnología Koha